000 00853nam a2200229Ia 4500
003 GCL
008 140319s9999 xx 000 0 ara d
040 _aGCL /
_cGCL
082 0 4 _a621.381
_bل ص
100 1 _aخالد العامرى
245 1 0 _aصيانة واصلاح الاجهزة الاليكترونية /
_cخالد العامرى
700 1 _aلينزلى، تريفور
260 _aالقاهرة :
_bدار الفاروق للنشر والتوزيع ،
_c2004
300 _a536 ص ؛
_c24 سم
490 _aتكنولوجيا الاليكترونيات
_v2
650 0 4 _aالهندسة الالكترونية
650 0 4 _aالدوائر الالكترونية
650 0 4 _aالالكترونيات الرقمية
650 0 4 _aاللحام
650 0 4 _aالاجهزة الالكترونية - صيانة
942 _2ddc
_cBK
999 _c7254
_d7254